000 00357nam a2200133Ia 4500
008 240624s9999 xx 000 0 und d
041 _aeng
082 _a200 OKA
100 _aOKAWA RYUHO
245 _aUNSHAKABLE MIND HOW TO OVERCOME LIFE S D
260 _c2009
_aMumbai
_bJaico Publishing House
300 _aviii, : 117 : p. : cm. ; 21
365 _cRS
_b15
999 _c14680
_d14680